000
00208 a2200097 4500
001
32839
100
_a
Nag,P.K
245
_a
Heat Transfer
260
_a
New Delhi
_b
Tata McGraw-Hill
_c
090
_c
22008
_d
22008
942
_a
NUST-CAE
_c
M
_c
13346
999
_c
267912
_d
267912